000 00302nam a22001337a 4500
008 170214b xxu||||| |||| 00| 0 eng d
020 _a978007340735
041 _aeng
080 _27ED
_a61
100 _a4
101 _aSHM
245 _aETHICAL ISSUES IN MODERN MEDICINE
_cSTEINBOCK
942 _2udc
_cBK
999 _c5347
_d5347